| 000 | 00609 a2200169 4500 | ||
|---|---|---|---|
| 020 | _a0192176919 | ||
| 020 | _a9780192176912 | ||
| 090 |
_c1803 _d1803 |
||
| 100 | 1 | _aLlewellyn-Jones, Derek. | |
| 245 | 1 | 0 |
_aEvery body : _bnutritional guide to life / _cDerek Llewellyn-Jones. |
| 260 |
_a[S.l.] : _bOxford University Press, _c1980. |
||
| 300 |
_a258 p. ; _c22 cm. |
||
| 500 | _aHardcover. | ||
| 856 | 4 | 0 |
_3Amazon.com _uhttp://www.amazon.com/exec/obidos/ASIN/0192176919/chopaconline-20 |
| 856 | 4 | 0 |
_3Amazon customer reviews _uhttp://www.chopac.org/cgi-bin/tools/azrev.pl?q=0192176919 |
| 942 |
_aNBS _cBK _k641.1 JON |
||
| 999 |
_c344314 _d344314 |
||